| 000 | 00454nam a2200157 i 4500 | ||
|---|---|---|---|
| 001 | 68212 | ||
| 003 | ES-MaACL | ||
| 005 | 20230906170226.0 | ||
| 007 | t| | ||
| 008 | 040611s1972 sp ||||1| spa d | ||
| 100 | 1 |
_aGarcía, Gerardo. _954030 |
|
| 245 | 1 | 0 |
_aAngel Nieto, el campeón del mundo / _cpor Gerardo García. |
| 260 |
_a[Madrid : _bs.n., _c1972] ( _fGráf. Torroba) |
||
| 300 |
_a96 p. : _bil. ; _c23 cm. |
||
| 852 |
_aES-MaACL _jC-47230 _bR.83455 |
||
| 999 |
_c68212 _d68212 |
||